El general Don José de Urrutia y la guerra con la República Francesa, 1795 / (Record no. 164529)

MARC details
000 -LEADER
campo de control de longitud fija 00771nam a2200181 i 4500
001 - NÚMERO DE CONTROL
campo de control 164529
003 - IDENTIFICADOR DE NÚMERO DE CONTROL
campo de control ES-MaACL
005 - FECHA Y HORA DE LA ÚLTIMA TRANSACCIÓN
campo de control 20250928134524.0
008 - DATOS DE LONGITUD FIJA--INFORMACIÓN GENERAL
campo de control de longitud fija 050805s1898 sp | |||||||| ||spa d
040 ## - FUENTE DE CATALOGACIÓN
Centro catalogador/agencia de origen CAM
Lengua de catalogación spa
Centro/agencia transcriptor CAM
100 0# - ENTRADA PRINCIPAL--NOMBRE DE PERSONA
Nombre de persona San Pelayo y Ladrón de Guevara, Julián de.
9 (RLIN) 102293
245 13 - MENCIÓN DEL TÍTULO
Título El general Don José de Urrutia y la guerra con la República Francesa, 1795 /
Mención de responsabilidad, etc. conferencia de Julián de San Pelayo en la Sociedad Bilbaina (segunda parte).
260 ## - PUBLICACIÓN, DISTRIBUCIÓN, ETC.
Lugar de publicación, distribución, etc. Sevilla :
Nombre del editor, distribuidor, etc. [s.n.],
Fecha de publicación, distribución, etc. 1898 (
Fabricante Oficina de E. Rasco)
300 ## - DESCRIPCIÓN FÍSICA
Extensión XIII, 63 p. ;
Dimensiones 19 cm.
600 17 - PUNTO DE ACCESO ADICIONAL DE MATERIA--NOMBRE DE PERSONA
Nombre de persona Urrutia y las Casas, José de,
Fechas asociadas al nombre 1739-1803
Fuente del encabezamiento o término
9 (RLIN) 155272
852 ## - LOCALIZACIÓN
Ubicación ES-MaACL
Número de control de estantería T-989-F-6
Nota libre -- Enc. hol. conservando la cub. original
-- -- Enc. en un vol. facticio
Holdings
Estatus retirado Estado de pérdida Estado de daño No para préstamo Colección Biblioteca de origen Biblioteca actual Ubicación en estantería Fecha de adquisición Total de préstamos Signatura topográfica completa Código de barras Visto por última vez Precio de reemplazo Tipo de ítem Koha
        Colección de folletos Biblioteca del Ateneo de Madrid Biblioteca del Ateneo de Madrid Depósito folletos 17/01/2008   T-989-F-6 1172464 23/02/2023 23/02/2023 Folleto